000 00340 a2200157 4500
001 153118
040 _cEscola São Tomás de Aquino
100 _aBORGES, Márico
240 1 0 _aOs 7 falcões
_lpor
245 1 0 _aOs 7 falcões
300 _a191
362 0 _a2001
440 1 _aGeração
697 _a*LITERATURA JUVENIL
942 _cBK
999 _c153118
_d153118